00553nam a2200133 a 450000100100000000500170001000800410002704000250006824500890009326000880018230000270027095201050029799900170040200004502220201002045818.0150129s1993 000 spa d aDO-SdBNPbspacBNPHU 0a¿Qué es un Módulo Participativo? :. :bprograma de entrenamiento de profesores. aSanto Domingo, :bSecretaria de Estado de Educación Bellas Artes y Cultos,c1993. a12 p, :bil. ;c21 cm. 001050718MOaPDbPDcHDd2015-01-29iLF1l0o p45022-10r2020-06-25w2020-06-25y1ZNo se presta c44511d44511